| 000 | 01760cam a2200277 a 4500 | ||
|---|---|---|---|
| 001 | 3979468 | ||
| 005 | 20210414114049.0 | ||
| 008 | 950816s1996 ilua b 001 0 eng | ||
| 010 | _a 95025240 | ||
| 020 | _a0256164150 | ||
| 040 |
_aDLC _cDLC _dDLC |
||
| 050 | 0 | 0 | _aTK5103.59.M57 |
| 082 | 0 | 0 |
_a621.382/7 _220 |
| 100 | 2 | _aMing-Kang Liu, Max. | |
| 245 | 1 | 0 |
_aPrinciples and applications of optical communications. / _cMax Ming-Kang Liu. |
| 260 |
_aChicago : _bIrwin, _cc1996. |
||
| 300 |
_axix, 1004 p. : _bill. ; _c24 cm. |
||
| 504 | _aIncludes bibliographical references and index. | ||
| 505 | _aContents: Introduction -- From point-to-point to networking -- Light sources -- Optical fibers -- Light detection -- Noise in optical communications -- Incoherent detection -- Networking -- Time-domain medium access -- Wavelength-domain medium access -- Subcarrier multiplexing -- Photonic switching -- Signal processing: Direct modulation -- Distributed-feedback laser diodes and modulation -- External modulation -- Coherent detection -- Timing recovery and line coding -- Optical amplification -- Optical fibre solition transmission -- Appendix A: Important physical and mathematical constants -- B: International system of units -- C: Important physical constants of compounds -- D: Important variable definitions -- E: Useful mathematical formulas. | ||
| 650 | 0 | _aOptical communications. | |
| 856 | 4 | 2 |
_3Publisher description _uhttp://www.loc.gov/catdir/description/mh022/95025240.html |
| 856 | 4 | 1 |
_3Table of contents _uhttp://www.loc.gov/catdir/toc/mh022/95025240.html |
| 906 |
_a7 _bcbc _corignew _d1 _eocip _f19 _gy-gencatlg |
||
| 942 |
_2lcc _cBK |
||
| 999 |
_c1733 _d9233 |
||